000
00297nam a2200133Ia 4500
008
221030s9999 xx 000 0 und d
041
_a
English
082
_a
105.23
100
_a
M Jain
245
0
_a
Introduction to Database Management
_c
by M Jain
260
_c
0
650
_a
Mc
942
_c
BK
999
_c
10845
_d
10845